[Event "Budapest FS04 GM-A"]
[Site "Budapest"]
[Date "2002.04.06"]
[Round "5"]
[White "Czebe, Attila"]
[Black "Horvath, Adam"]
[Result "1-0"]
[WhiteElo "2462"]
[BlackElo "2464"]
[Annotator "Milov,V"]
[PlyCount "33"]
[EventDate "2002.04.02"]
[EventType "tourn"]
[EventRounds "13"]
[EventCountry "HUN"]
[EventCategory "9"]
[SourceTitle "CBM 089"]
[Source "ChessBase"]
[SourceDate "2002.08.12"]
[SourceVersion "1"]
[SourceVersionDate "2002.08.12"]
[SourceQuality "1"]

1. Nf3 c5 2. e4 e6 3. d3 d5 4. Qe2 Ne7 5. h4 $6 $146 {[%mdl 8] White has a
qualitative pawn superiority on the kingside. Therefore already with his first
moves White is trying to develop an initiative on the kingside.} ({The usual
continuation is} 5. g3 Nbc6 6. Bg2 g6 7. O-O Bg7 8. c3 h6 9. h4 O-O 10. e5 b6
11. Re1 a6 12. Nbd2 Ra7 13. Nf1 Kh7 14. N1h2 Ng8 15. Ng4 Bd7 16. Bf4 $36 {
1-0 Glek,I-De Santis,A/Porto San Giorgio 2000/EXT 2001 (39)}) 5... Nbc6 6. h5
dxe4 (6... e5 $5 {would be probably the best reaction against the White`s
kingside activity:} 7. h6 (7. exd5 Nxd5 $15 8. Nxe5 $4 Nd4 9. Qd2 Qe7 10. f4 f6
$19) 7... Bg4 8. c3 gxh6 9. Bxh6 Bxh6 10. Rxh6 d4 $15) 7. dxe4 Nd4 8. Nxd4 cxd4
9. h6 Nc6 10. hxg7 Bxg7 11. Bh6 Bf6 $6 (11... Bxh6 $142 12. Rxh6 Qg5 13. Qd2 $8
Qg4 $11) 12. Nd2 Bd7 $6 {Black doesn`t feel the danger leaving the d6-square
without the control.} (12... e5 $142 {with the idea to transfer Bc8 to the
more active position} 13. Qf3 Rg8 14. Bc4 Qe7 $11) 13. Nc4 Qc7 $2 (13... e5
$142 14. Qf3 (14. Nd6+ Ke7 15. Nf5+ Bxf5 16. exf5 $11) 14... Qe7 15. Bd2 Bg7 $5
(15... b5 16. Rh6 bxc4 17. Qxf6 Qxf6 18. Rxf6 $14) 16. Qg3 Bf8 $13) 14. Qf3 $1
$16 Be7 $6 (14... Ke7 $142 15. Qa3+ Kd8 16. Nd6 Bc8 17. Rd1 a6 18. c3 $16) 15.
Rh5 (15. Bg7 Nb4 16. Kd1 Rg8 17. Rxh7 O-O-O 18. Qxf7 $18) 15... f5 $6 {This
loses but the game could no longer be saved anyway.} (15... Nb4 16. Kd2 $1 (16.
Kd1 $6 Rg8 17. Bd2 $1 (17. Bf4 $2 e5 18. Bxe5 Qc6 19. Rf5 Bxf5 20. Qxf5 Rxg2 $1
$17) 17... e5 18. Bxb4 Bg4 19. Qxg4 Rxg4 20. Rxe5 Qxe5 21. Nxe5 Rxe4 22. Bb5+
Kf8 23. Bxe7+ Kxe7 24. Nf3 $18) 16... Ba4 17. b3 $18) 16. exf5 exf5 17. Bf4 1-0

[Event "Gorzow Wielkopolski"]
[Site "Gorzow Wielkopolski"]
[Date "1987.05.30"]
[Round "8"]
[White "Petkevich, Jusefs"]
[Black "Moehring, Guenther"]
[Result "0-1"]
[WhiteElo "2460"]
[BlackElo "2360"]
[Annotator "Moehring,G"]
[PlyCount "74"]
[EventDate "1987.05.23"]
[EventType "tourn"]
[EventRounds "13"]
[EventCountry "POL"]
[EventCategory "4"]
[SourceTitle "EXT 2015"]
[Source "ChessBase"]
[SourceDate "2014.11.20"]
[SourceVersion "1"]
[SourceVersionDate "2014.11.20"]
[SourceQuality "1"]

1. Nf3 c5 2. e4 e6 3. d3 d5 4. Nbd2 Nf6 5. g3 Nc6 6. Bg2 Be7 7. O-O O-O 8. c3
dxe4 9. dxe4 b6 10. e5 Nd5 11. Qe2 a5 12. a4 Ba6 13. Nc4 b5 14. axb5 Bxb5 15.
Nfd2 (15. Re1 Qc8 16. Qe4 Qa6 $13 17. Na3 $140 Bd3 $1) 15... a4 16. Ra3 Na5 17.
Qe4 Nb6 18. Nxb6 Qxb6 19. Re1 Rad8 20. Qg4 Kh8 21. Be4 Rxd2 22. Bxd2 Nc4 23.
Qh5 (23. Qh3 g6 24. Bh6 Nxa3 25. Bxf8 Bxf8 26. bxa3 c4 $44 {><a3,e5}) 23... g6
24. Qh6 Nxa3 25. bxa3 (25. Bg5 Qd8) 25... Kg8 26. Rb1 Qa6 27. Qe3 Rd8 28. h4
Bc6 29. Bxc6 Qxc6 30. c4 h5 31. Ba5 Rd4 32. Rb8+ Kg7 33. Bd2 Rd8 34. Rb1 $2 (
34. Rxd8 Bxd8 $10) 34... Qd7 $17 {<->d} 35. Qh6+ $2 (35. Rb2 $142 $17) 35...
Kg8 $19 36. Be3 Qd3 37. Rb7 Qe4 {1:59-1:55} 0-1

[Event "Bundesliga 9798"]
[Site "Germany"]
[Date "1998.04.25"]
[Round "14.4"]
[White "Renner, Christoph"]
[Black "Mueller, Karsten"]
[Result "0-1"]
[WhiteElo "2415"]
[BlackElo "2505"]
[Annotator "Mueller,Karsten"]
[PlyCount "50"]
[EventDate "1997.10.18"]
[EventType "team-tourn"]
[EventRounds "15"]
[EventCountry "GER"]
[SourceTitle "CBM 064"]
[Source "ChessBase"]
[SourceDate "1998.06.02"]
[SourceVersion "1"]
[SourceVersionDate "1998.06.02"]
[SourceQuality "1"]
[WhiteTeam "Erfurt"]
[BlackTeam "Hamburger SK"]
[WhiteTeamCountry "GER"]
[BlackTeamCountry "GER"]

1. e4 e6 2. d3 d5 3. Nd2 Nf6 4. Ngf3 Nc6 5. c3 e5 (5... a5 $5) 6. b4 a6 7. Bb2
Bd6 8. g3 (8. exd5 {kommt wohl etwas zu früh, z.B.} Nxd5 9. c4 Nf4 (9... Ndxb4
$2 10. a3 $16) 10. c5 Be7 11. Nxe5 Nxe5 12. Bxe5 Nxd3+ 13. Bxd3 Qxd3 $132) 8...
O-O 9. Bg2 Ne7 10. O-O (10. exd5 $5 Nexd5 11. O-O $14) 10... c6 11. c4 $1 {
diesen Zug hatte ich unterschätzt. Die Idee, entweder einen Zentrumsbauern
gegen einen am Damenflügel zu tauschen oder eine Initiative gegen die
schwachen schwarzen Felder zu starten, sollte Weiß in Vorteil bringen:} dxe4 (
11... Bxb4 12. Bxe5 dxe4 13. dxe4 Ng6 14. Bb2 Bg4 15. Qc2 $14 {weil die
Springer f6 und g6 nicht so gut stehen, und Weiß langfristig günstig zu e5
kommen wird.}) 12. Nxe5 $6 (12. dxe4 Bxb4 13. Bxe5 $14 {siehe unter 11...Lxb4})
12... Bxe5 $1 13. Bxe5 Ng4 (13... exd3 $6 14. Bxf6 gxf6 15. Re1 $44) 14. Bf4 $1
(14. Bc3 $2 e3 15. Ne4 exf2+ 16. Nxf2 Ne3 $17) 14... exd3 15. c5 (15. Ne4 $5 {
(Renner)}) 15... Nd5 16. Bd6 Re8 17. Nc4 (17. Qb3 $5) 17... Bf5 (17... Nc3 {
gefiel mir nicht:} 18. Qxd3 Ne2+ 19. Kh1 Qf6 20. Ne5 $1) 18. Bxd5 $6 {spielt
mit dem Feuer. Aus praktischer Sicht war es sicher besser, mit dem Läuferpaar
auf Kompensation zu spielen, z.B.} (18. Qb3 Qg5 19. h3 Ngf6 20. g4 $44) 18...
cxd5 19. Nb6 {[#]} Re2 $1 {[%mdl 640]} 20. h3 $2 (20. Nxa8 $2 Qf6 $1 21. h3 (
21. Qa4 Nxf2 $1 22. Rxf2 Qxa1+ 23. Kg2 (23. Rf1 Qd4+ $19) 23... Qe1 $19) (21.
Nc7 Qd4 22. Qe1 Rxe1 23. Raxe1 Be4 $19) 21... Be4 22. Bf4 (22. Qa4 h5 23. Qe8+
Kh7 24. hxg4 Qf3 25. Qxe4+ dxe4 $19) 22... g5 (22... Ne5 23. Qa4 Nf3+ 24. Kh1
g5 25. Qe8+ Kg7 26. Bd6 Nd2+ 27. Kg1 Qf3 28. Qe5+ Kg6 $19) 23. Qc1 (23. hxg4
Qh6 24. f3 Qh2#) 23... gxf4 24. Qxf4 {[%tqu "En","Black to move and win","","",
"g4f2","",7,"De","Schwarz zieht und gewinnt","","","g4f2","",7]} Nxf2 $3 $19
25. Qxf6 (25. Rxf2 Qxa1+ 26. Rf1 Rg2+ 27. Kh1 Rf2+ 28. Qxe4 Qxf1#) 25... Nxh3#)
(20. Nxd5 Qe8 $1 {(Ftacnik)} (20... Qg5 $2 21. h4 Qh6 22. Ne7+ Rxe7 23. Bxe7
$16) (20... Nf6 21. Nf4 Re4 $13) 21. h3 (21. Nc7 Qc6 22. Nxa8 Qf3 23. Qa4 h5
$19) 21... Nf6 22. Nf4 g5 $17) 20... Be4 $1 21. Qc1 (21. hxg4 Qf6 (21... Qg5 {
(Fritz4)} 22. Bf4 Qxg4 23. f3 Qh3 24. Qxe2 (24. Rf2 Bxf3 $19) 24... dxe2 25.
Rf2 Bxf3 26. Rxf3 Re8 27. Re1 d4 $17) 22. Bf4 g5 $19) (21. Nxa8 Qf6 $19 {
siehe unter 20.Sxa8}) (21. Bf4 g5 $19) 21... Ne3 22. Qc3 (22. Qxe3 Rxe3 23.
fxe3 Qg5 (23... Ra7 $5) 24. Nxa8 Qxe3+ 25. Rf2 d2 26. Raf1 g5 27. Nc7 Bd3 (
27... Qe1 $2 28. Rxf7 h5 (28... d1=Q $2 29. Rf8+ Kg7 30. Ne6+ Kh6 31. R8f6+ Bg6
32. Bf8+ Kh5 33. Ng7+ Kh6 34. Nf5+ Kh5 35. g4+ $18) 29. Rf8+ Kh7 30. R8f7+ $11)
28. Nxd5 Qe1 $19) (22. Nxa8 Qf6 23. Bf4 (23. Qxe3 Rxe3 24. fxe3 Qb2 $19) 23...
Qf5 24. Qxe3 Rxe3 25. fxe3 Qxh3 $19) 22... Nxf1 23. Rxf1 Rc8 24. f3 $6 (24.
Nxc8 Qxc8 25. g4 $5 h5 26. f3 hxg4 27. fxe4 gxh3 28. Qxd3 Qg4+ 29. Bg3 Rg2+ 30.
Kh1 Rxg3 31. Qxd5 Rf3 $19) 24... Qxb6 (24... Qxd6 $4 25. cxd6 Rxc3 26. d7 $18)
25. Be5 $6 (25. fxe4 Rxe4 26. Qxd3 Qxb4 $19) 25... Qh6 0-1

[Event "ESP-chT Div 2"]
[Site "Barcelona"]
[Date "2000.08.09"]
[Round "5"]
[White "Movsziszian, Karen"]
[Black "Pelletier, Yannick"]
[Result "0-1"]
[WhiteElo "2460"]
[BlackElo "2474"]
[Annotator "Pelletier,Y"]
[PlyCount "130"]
[EventDate "2000.08.05"]
[EventType "team"]
[EventRounds "9"]
[EventCountry "ESP"]
[SourceTitle "CBM 078"]
[Source "ChessBase"]
[SourceDate "2000.10.18"]
[SourceVersion "1"]
[SourceVersionDate "2000.10.18"]
[SourceQuality "1"]

1. g3 Nf6 2. Bg2 d5 3. Nf3 e6 4. O-O c5 5. d3 Be7 6. Nbd2 Nc6 7. e4 O-O 8. Re1
b5 9. e5 Nd7 10. Nf1 a5 11. h4 b4 12. h5 Ba6 13. N1h2 a4 14. a3 Qb8 $6 {
[%csl Rd3][%cal Gb8b5,Gb4b3] Das ist meines Erachtens eine neue Idee, wenn
Weiss mit a2-a3 spielt. Schwarz plant einfach mittels Qb5 gefolgt von b3 den
Bauern d3 zu schwächen. Doch ich befürchte, es ist zu langsam, und bei
richtiger Spielweise sollte Weiss gute Angriffschancen erhalten.} (14... bxa3
15. bxa3 Rb8) ({oder} 14... Bb5 {gefolgt von Rc8 und Nd4 (ähnlich zu
Kochyev-Shaposhnikov, St.Petersburg 1998) sollten bevorzugt werden.}) 15. Bf4
Qb5 (15... Nd4 $2 {scheitert an das übliche Motiv} 16. Nxd4 cxd4 17. Qg4 Kh8
18. Bxd5 $1 {[%csl Rb8]}) 16. h6 g6 17. Qd2 $1 {Richtig gespielt! Weiss möchte
die schwarzfeldrigen Läufer abtauschen, um die Felder um den Kg8 zu schwächen.
Dabei braucht b3 nicht befürchtet zu werden.} Rfc8 (17... b3 18. c4 $1 {
verhindert die Oeffnung des Damenflügels.}) 18. Bg5 Bf8 19. Bf1 $6 {Nach
diesem passiven Zug ist die Welt in Ordnung für Schwarz.} ({Es sollte
konsequent} 19. Qf4 {[%csl Rf7][%cal Gg5h4,Gf3g5] gezogen werden, z.B:} b3 $1 (
19... bxa3 {war meine erste Absicht, leider geht dann} 20. bxa3 Qb2 21. c4 $1)
({auch} 19... Nd4 $5 {zog ich in Betracht, aber nach} 20. Nxd4 cxd4 21. Nf3
bxa3 22. bxa3 Qb2 23. Nxd4 Bc5 24. Nf3 {übersah ich den starken} Bxd3 $1 25.
cxd3 Bxf2+ 26. Kh1 Bxe1 27. Rxe1 Qxa3 {mit beiderseitigen Chancen}) 20. c4 $1 (
20. Bh4 {funktionniert nicht gut nach} bxc2 21. Ng5 Ncxe5 $1 (21... Nd8 22.
Nxh7 Kxh7 23. Bxd8 Rxd8 24. Qxf7+ Kh8 25. Qxg6 $44) (21... Ndxe5 $2 22. Ng4
Qxb2 23. Nf6+ Kh8 $17 24. Rxe5 $140 $2 Qxa1+ 25. Kh2 Ra7) 22. Ng4 Qxb2 $19)
20... dxc4 21. dxc4 Qxc4 22. Rad1 Qxf4 23. Bxf4 Nb6 (23... Rc7 24. Ng4 Be7 25.
Nf6+ Bxf6 26. exf6 $44) 24. Ng4 Be7 25. Bg5 {und Weiss erhält Gegenchancen auf
den schwarzen Feldern.}) 19... Nd4 20. Nxd4 (20. axb4 Nxf3+ 21. Nxf3 cxb4 $15)
20... cxd4 21. Nf3 Qb6 22. Rec1 bxa3 23. bxa3 Rc3 {Schwarz hat nun eine
gewisse Initiative am Damenflügel. Leider hat er auch Schwierigkeiten mit dem
Bauern d4.} 24. Qf4 Rxa3 25. Rab1 Qc7 26. Qxd4 Qc3 $2 {Ein ganz dummer Zug, da
die schwarze Dame dort nichts zu suchen hat. Zu klarem Vorteil führte} (26...
Rb8 27. Rxb8 Nxb8 $17 {[%cal Gb8c6]}) 27. Qf4 Ra2 28. Bh4 $1 {Plötzlich
tauchen die üblichen Drohungen wieder auf.} Qc7 ({Die Alternativen} 28... Bc5
$2 29. d4 Ba3 30. Bxa6 Bxc1 31. Rxc1 Rxa6 32. Ng5 $18) ({und} 28... Ba3 29. Ng5
$1 Rf8 30. Qxa4 $13 {waren nicht wünschenswert.}) 29. Bh3 Bc8 $6 (29... Rxc2 $1
{zog ich nicht lange in Betracht, da} 30. Ng5 Nxe5 31. d4 Rxc1+ 32. Rxc1 {
tödlich aussieht. Doch Fritz findet die folgende Ressource:} Nf3+ $1 33. Nxf3
Qxf4 34. gxf4 Bxh6 {mit drei Bauern für die Figur und eine sehr gesunde
Stellung.}) 30. c4 $1 Qa7 $2 {Auf diesen Zug beruhten meine Hoffnungen, aber
Weiss steht danach auf Gewinn.} (30... dxc4 31. Rxc4 Qa7 {war immer noch
unklar.}) 31. d4 $1 Nb6 (31... dxc4 32. Ng5 {und der Nd7 findet kein gutes
Feld.}) 32. c5 $2 {In beiderseitigen Zeitnot revanchiert sich Weiss.} ({Nach} 
32. Rxb6 $1 Qxb6 33. cxd5 {hätte ich keine Ausrede gehabt. Der weisse Angriff
ist nämlich zu gefährlich, z.B:} Qb7 34. Ng5 Bxh6 35. Qf6 Bg7 36. Qd8+ Bf8 37.
Nxh7 $16 {usw.}) 32... Nc4 33. Bd8 $6 $138 ({Auch nach} 33. Nh2 a3 34. Ng4 Rb2
{ist Schwarz OK.}) 33... Qd7 34. Bb6 a3 35. Bf1 ({oder} 35. Nh2 Rb2 36. Ng4 Qb7
) 35... Rb2 36. Bxc4 dxc4 37. Nd2 Bb7 $2 $138 ({Zwei klar stärkere Wege
verpasste ich, nämlich} 37... Rxb1 38. Rxb1 a2 39. Ra1 Bxh6 $1 $19) ({und} 
37... Bxh6 38. Qxh6 Qxd4 {Das Motiv mit dem Läuferopfer kam mir nur nach dem
39. Zug.}) 38. Ne4 Bxe4 39. Qxe4 Qd5 40. Qe3 (40. Qxd5 exd5 41. c6 c3 $19)
40... a2 41. Ra1 Bxh6 $5 ({Die Zeitnot war vorbei, und ich konzentrierte mich
nur auf das Opfer. Doch} 41... Rb3 42. Qf4 Rd3 $19 {hätte die Partie sehr
gekürzt.}) 42. Qxh6 Qxd4 43. Qf4 $6 (43. Qh2 $2 c3 $19) ({Hartnäckiger war} 43.
Qe3 Qxe3 44. fxe3 {obwohl Schwarz nach} c3 45. Kf1 Ra4 {klar besser steht.})
43... Qxf4 44. gxf4 c3 {[%csl Rb6][%cal Gc3c1,Ga2a1,Yb2h2,Gh7h1] Für die
geopferte Figur besitzt Schwarz zwei starke vorgerückte Freibauern, sowie
einen potentiell gefährlichen Bauern auf der h-Linie. Dazu sind die schwarzen
Türme viel aktiver als die weissen, während der Bb6 (wegen des eigenen Pc5!)
nur schwierig zur Verteidigung zurückkommen kann.} 45. Kf1 (45. Kg2 c2 {(/\Rb1)
} 46. c6 Rxb6 47. Rxc2 Rc8 48. Rcxa2 Rbxc6 $17) 45... h5 46. Bc7 ({oder} 46.
Ke1 h4) 46... Ra4 ({Besser war zweiffellos} 46... h4 $1 47. c6 Ra6 (47... h3
48. Bd6) 48. Bd8 Rxc6 49. Bxh4 Rcb6 {mit Gewinn.}) 47. Bd8 {Mit der Idee, zur
Verteidigung des Feldes c1 zurückzukehren.} (47. c6 c2 48. Bd6 (48. Ke2 Rb1 49.
Kd2 Rd4+ $19) 48... Rb1 49. c7 Rc4 50. Ba3 Rxa1 51. Rxa1 Rxc7 52. Ke2 (52. Bc1
Rd7 $19) 52... h4 $1 $19) 47... Rxf4 (47... c2 $2 48. f5 $1 Rb1 49. Bg5 Rd4 50.
Rxa2 Rxc1+ 51. Bxc1 Rd1+ 52. Ke2 Rxc1 53. Kf3 {und der weisse c-Bauer ist sehr
gefährlich!}) 48. c6 $6 ({Weiss sollte seinen König nicht auf der Grundlinie
unterlassen. Trotzdem gewinnt Schwarz nach} 48. Kg2 Rfxf2+ ({wie auch} 48...
Rbxf2+ {} 49. Kg1 (49. Kg3 R4f3+ 50. Kh4 Rg2 51. Rg1 g5+ 52. Bxg5 Rh2#) 49...
Rb2 50. c6 Rc4 $19) 49. Kg3 Rfd2 50. Ba5 Rd3+ 51. Kf4 c2 52. c6 Rb1 53. c7 Rd4+
54. Ke3 Rc4 $19) 48... Rfxf2+ 49. Kg1 Rg2+ 50. Kh1 Rh2+ 51. Kg1 h4 $1 52. Bxh4
(52. c7 Rbg2+ 53. Kf1 h3 54. c8=Q Rh1#) (52. Rxc3 h3 53. Rg3 Rhd2 $19) 52...
Rxh4 53. Rxc3 Rb1+ 54. Rc1 Rxc1+ 55. Rxc1 Rc4 56. Ra1 Rxc6 57. Rxa2 Rc5 58. Re2
Kg7 59. Kf2 g5 60. Kf3 Kg6 61. Ke4 Rc4+ 62. Ke3 Kf5 63. Kd3 Rf4 64. Rg2 g4 65.
Re2 g3 0-1

[Event "Tbilisi zt (Women)"]
[Site "Tbilisi"]
[Date "1999.??.??"]
[Round "7"]
[White "Goletiani, Rusudan"]
[Black "Kalevic, Sanja"]
[Result "1-0"]
[WhiteElo "2310"]
[BlackElo "2354"]
[Annotator "Petronic,J"]
[PlyCount "81"]
[EventDate "1999.05.07"]
[EventType "swiss"]
[EventRounds "9"]
[EventCountry "GEO"]
[SourceTitle "EXT 2001"]
[Source "ChessBase"]
[SourceDate "2000.11.22"]
[SourceVersion "1"]
[SourceVersionDate "2000.11.22"]
[SourceQuality "1"]

1. e4 c5 2. Nf3 e6 3. d3 Nc6 4. g3 d5 5. Qe2 Nge7 6. Bg2 g6 7. O-O Bg7 8. e5
Qc7 9. Re1 h6 10. h4 b5 11. Bf4 Ba6 12. Nbd2 Rc8 13. c3 Qb6 14. b3 O-O 15. Nf1
c4 16. bxc4 dxc4 17. dxc4 bxc4 18. Ne3 Qa5 19. Qc2 Rfd8 20. Bf1 Nd5 21. Nxc4
Bxc4 22. Bxc4 Nxf4 23. gxf4 Ne7 24. Re4 Rc5 25. Rae1 Nf5 26. h5 gxh5 27. Kh2
Rdc8 28. Qd3 Qc7 29. Nd2 Rd8 30. Rd4 Nxd4 31. cxd4 Qe7 32. Kh3 Rc7 33. Ne4 Qb4
34. Rc1 Qb2 35. Rg1 Kf8 36. Qg3 Bh8 37. Nd6 (37. Bxe6 $1) 37... Ke7 38. Qh4+
Kd7 $4 (38... f6 $8 $13) 39. Bb5+ $18 Rc6 40. Bxc6+ Kc7 41. Qe7+ 1-0

[Event "EU-chT 08th Group3"]
[Site "Gothenburg"]
[Date "1982.03.13"]
[Round "1"]
[White "Mestel, A Jonathan"]
[Black "Ornstein, Axel"]
[Result "1-0"]
[WhiteElo "2500"]
[BlackElo "2475"]
[Annotator "Primel,D"]
[PlyCount "77"]
[EventDate "1982.03.13"]
[EventType "team-tourn"]
[EventRounds "2"]
[EventCountry "SWE"]
[SourceTitle "EXT 2015"]
[Source "ChessBase"]
[SourceDate "2014.11.20"]
[SourceVersion "1"]
[SourceVersionDate "2014.11.20"]
[SourceQuality "1"]
[WhiteTeam "England"]
[BlackTeam "Sweden"]
[WhiteTeamCountry "ENG"]
[BlackTeamCountry "SWE"]

1. e4 e6 2. d3 d5 3. Nd2 Nf6 4. Ngf3 Nc6 5. c3 a5 6. Be2 (6. e5 Nd7 7. d4 f6)
6... e5 7. O-O (7. Qc2) (7. a4) 7... Be7 8. d4 $5 $146 (8. Re1 O-O {Balashov,Y
(2600)-Vaganian,R (2570) URS-ch47 Minsk 1979 (6) 1/2}) 8... exd4 (8... Nxe4 9.
Nxe4 dxe4 10. Nxe5 Nxe5 11. dxe5 O-O 12. Qc2 Bf5) 9. e5 Ne4 10. cxd4 O-O 11.
Bb5 Bg4 $11 12. Qa4 Nxd2 13. Nxd2 Nb4 $1 14. a3 c6 15. axb4 cxb5 16. Qxb5 Bxb4
$132 {[%csl Gb4,Rc1,Gg4]} 17. Nb3 {[%csl Gc5]} Ra6 $6 {[%cal Ga6g6] Prématuré
} (17... b6 $142 {[%cal Gb6a5,Gb6c5]}) (17... Qd7 18. Qxd7 Bxd7 {[%cal Ga5a4]})
18. Qd3 Rg6 (18... Qd7 {[%cal Gg4f5]}) 19. f4 Bd7 20. f5 Rg4 21. h3 Re4 22. f6
$36 Re8 23. Nd2 Bxd2 24. Qg3 (24. Qxd2) 24... g6 25. Bxd2 Qb6 26. Be3 Qxb2 (
26... Qb3 $5 {[%cal Ge4e3]} 27. Rfe1 a4 {[%csl Rb2]}) 27. Qg5 Qe2 28. Rf3 (28.
Rae1) 28... Kh8 29. Bf2 a4 30. Re1 Qb2 31. Rxe4 dxe4 32. Rf4 Qb4 33. Rh4 $40 {
[%cal Gh4h7]} Qf8 $8 34. d5 a3 (34... Bf5) 35. Bd4 $1 {[%cal Gd4h8,Ge5e6]} Qb4
36. Qe3 a2 37. Kh2 g5 38. Qxg5 Rg8 39. Rxh7+ 1-0

[Event "SUI-chT"]
[Site "Switzerland"]
[Date "2018.03.25"]
[Round "1.1"]
[White "Bauer, Christian"]
[Black "Prusikin, Michael"]
[Result "1/2-1/2"]
[WhiteElo "2628"]
[BlackElo "2516"]
[Annotator "Prusikin,M"]
[PlyCount "106"]
[EventDate "2018.03.25"]
[EventType "team-tourn"]
[EventRounds "9"]
[EventCountry "SUI"]
[SourceTitle "EXT 2019"]
[Source "ChessBase"]
[SourceDate "2018.10.10"]
[SourceVersion "1"]
[SourceVersionDate "2018.10.10"]
[SourceQuality "1"]
[WhiteTeam "Zuerich"]
[BlackTeam "Wollishofen"]
[WhiteTeamCountry "SUI"]
[BlackTeamCountry "SUI"]

1. e4 e6 2. Qe2 c5 3. Nf3 Nc6 4. g3 g6 5. Bg2 Bg7 6. c3 Nge7 7. O-O d6 8. d3 (
8. d4 cxd4 9. cxd4 Nxd4 10. Nxd4 Bxd4 11. Bh6 Ng8 12. Be3 Bxe3 13. Qxe3 Nf6 $11
) 8... O-O 9. a3 b5 $146 10. b4 (10. Be3 $5) 10... cxb4 11. axb4 a5 (11... Nxb4
12. d4 Nbc6 13. Qxb5 a5 14. Qa4 $14) 12. Bb2 Bd7 13. Na3 Qb6 (13... axb4 14.
cxb4 Ne5 $11) 14. bxa5 Rxa5 (14... Nxa5 $11) 15. c4 $1 b4 16. Nb5 Rfa8 $1 {
Ein starkes positionelles Bauernopfer.} 17. Bxg7 Kxg7 18. Rab1 $2 (18. Rxa5
Rxa5 19. Nxd6 e5 20. Qb2 (20. Nb5 Bg4 21. Qe3 Nc8 $44) 20... Qa6 $44 (20... Bg4
21. c5 (21. Ne8+ Kh8 22. Ng5) 21... Rxc5 22. Nc4 Rxc4 23. dxc4 Bxf3 24. Bxf3
Nd4 25. Bg2 b3 $44)) 18... e5 $1 $15 19. Qe3 $1 (19. Nxd6 $2 Nd4 20. Nxd4 Qxd4
21. Nb7 R5a7 22. Rxb4 Rb8 23. Rfb1 Bc8 24. c5 Raxb7 $19) 19... Qc5 $1 20. h3 $6
(20. Nd2 $11) (20. Qxc5 dxc5 21. Nd2 Nd8 22. Nb3 Bxb5 23. Nxa5 Ba4 24. Nb3 Bxb3
25. Rxb3 Nec6 26. Rbb1 Ra3 $15) 20... Nc8 (20... Ra2 $1) 21. Qc1 $6 Ra2 $1 22.
Rb2 Nb6 23. Qb1 Rxb2 24. Qxb2 Na4 25. Qb3 $6 Nc3 $1 $19 26. Nxc3 Ra3 27. Qb2
bxc3 28. Qc1 Nd4 29. Nxd4 exd4 30. f4 Ra2 31. f5 f6 32. Qb1 Rb2 33. Qa1 Qe5 34.
Rf4 g5 35. Rf2 Rxf2 36. Kxf2 Be8 37. Bf3 Bf7 $6 (37... h5 38. Qa7+ Kh6 $19) 38.
Qa7 Kf8 $4 (38... c2 39. Qa3 h5 40. Qb2 h4 $19) 39. Qb8+ $11 {Unglaublich,
aber das ist jetzt nicht mehr gewonnen!} Kg7 40. Qb7 Kf8 41. Qb8+ Kg7 42. Qb7
Kg8 43. Qb8+ Qe8 44. Qb6 $1 (44. Qxd6 $2 c2 45. Qa3 Qb8 $19) (44. Qxe8+ $5 Bxe8
45. Bd1 Kf8 46. Ke1 Ke7 47. Bc2 Kd8 48. Kd1 Kc7 49. Kc1 Kb6 50. Bd1 {diese
Aufstellung scheint zu halten}) 44... Qa4 45. Be2 $2 (45. Qxd6 $1 c2 46. Qb8+
Kg7 47. Qb2 Bxc4 48. dxc4 Qxc4 49. Qb7+ Qf7 50. Qc6 $11) (45. e5 $1 $11) 45...
Qa3 $2 (45... Kg7 $19) (45... Qa2 46. Qxd6 c2 47. Qb8+ Kg7 48. e5 Qa6 (48...
c1=Q 49. exf6+ Kxf6 50. Qd6+ Kg7 51. Qe5+ $11) 49. Qb2) (45... h6 $19) 46. e5
$3 dxe5 47. Qxf6 c2 48. Qd8+ (48. Qxg5+ Bg6 49. fxg6 c1=Q 50. gxh7+ Kxh7 51.
Qf5+ $11) 48... Qf8 49. Qxg5+ Bg6 50. g4 $1 (50. Bg4 e4 (50... h6 51. Qd2 Bxf5
52. Bxf5 Qxf5+ 53. Ke1 Qxh3 54. Qxc2 Qxg3+ 55. Kf1) 51. dxe4 d3 52. Kg2 h6 53.
Qf4 Bf7 (53... Kg7 54. e5 Qa8+ 55. Kh2 Qa2 56. Qc1) 54. f6 Bxc4) 50... Qa3 (
50... e4 51. dxe4 Qa3 52. Qd8+ Kf7 53. fxg6+ hxg6 54. Qd5+ Ke8 55. c5 Qe3+ 56.
Kg2 Qxe2+ 57. Kg3 Qe1+ 58. Kg2 Qd2+ 59. Kf3 $8 $11 (59. Kg3 Qa5 $3 $19)) 51.
Qd8+ Qf8 52. Qg5 Qa3 53. Qd8+ Qf8 1/2-1/2